000
00308nam a2200109Ia 4500
008
200302s9999 xx 000 0 und d
100
_a
C. S. Yadav
245
_a
Perspectives in Urban Geography Urban Planning and Policies Vol 16 A
260
_b
Concept Publishing Co. Ltd.
260
_c
1986
300
_a
342 P.,
999
_c
5541
_d
5541